Interdisciplinarity in theory and practice journal for presentation of interdisciplinary approaches in various fields
Guardado en:
| Formato: | Seriadas |
|---|---|
| Lenguaje: | inglés |
| Publicado: |
Arad
Adoram
2016
|
| Etiquetas: |
Sin Etiquetas, Sea el primero en etiquetar este registro!
|
MARC
| LEADER | 00000nas2a2200000 4500 | ||
|---|---|---|---|
| 001 | 0221706 | ||
| 005 | 20160906124741.2 | ||
| 022 | |a 2344-2409 | ||
| 041 | 0 | |a eng | |
| 044 | |a RO | ||
| 245 | 1 | 0 | |a Interdisciplinarity in theory and practice |b journal for presentation of interdisciplinary approaches in various fields |
| 264 | 1 | |a Arad |b Adoram |c 2016 | |
| 773 | 0 | |w eu_un_cat*0211851 | |